Κωνσταντίνος Παπαρρηγόπουλος : η εποχή του-η ζωή του-το έργο του
Αποθηκεύτηκε σε:
| Κύριος συγγραφέας: | |
|---|---|
| Μορφή: | Βιβλίο |
| Γλώσσα: | Greek |
| Δημοσίευση: |
Αθήνα :
Μορφωτικό Ιδρυμα Εθνικής Τραπέζης,
1986
|
| Σειρά: | Νεοελληνική προσωπογραφία
|
| Θέματα: | |
| Ετικέτες: |
Προσθήκη ετικέτας
Δεν υπάρχουν, Καταχωρήστε ετικέτα πρώτοι!
|
MARC
| LEADER | 00000cam a2200000 i 4500 | ||
|---|---|---|---|
| 001 | 1/68418 | ||
| 008 | 931130s1986 gr | ||| |||| ||gre|| | ||
| 035 | |a ΛΕΣΒΟΣb10002068 |l 10002068 | ||
| 040 | |a GR-MY-UA |b gre |e aacr | ||
| 041 | 0 | |a gre | |
| 082 | 0 | |a 938.609 | |
| 100 | 1 | |a Δημαράς, Κωνσταντίνος Θ., |d 1904-1992. | |
| 245 | 1 | 0 | |a Κωνσταντίνος Παπαρρηγόπουλος : |b η εποχή του-η ζωή του-το έργο του / |c Κ. Θ. Δημαρά |
| 260 | |a Αθήνα : |b Μορφωτικό Ιδρυμα Εθνικής Τραπέζης, |c 1986 | ||
| 300 | |a 524 σ. |b εικ. | ||
| 490 | 1 | |a Νεοελληνική προσωπογραφία | |
| 500 | |a Περιέχει ευρετήριο | ||
| 600 | 1 | 0 | |a Παπαρρηγόπουλος, Κωνσταντίνος Δ., |d 1815-1891. |
| 650 | 0 | |a Historians |z Greece |x Biography. | |
| 830 | 0 | |a Νεοελληνική προσωπογραφία | |
| 852 | |a INST |b LESVOS |e 19960621 |h 938.609 ΔΗΜ |p 005100002043 |q 005100002043 |t BK |y 0 | ||
| 852 | |a INST |b LESVOS |e 19931130 |h 938.609 ΔΗΜ |p 005100005215 |q 005100005215 |t BK |y 0 | ||
| 909 | |a Λ |b 020709 | ||